Assessment of visual and verbal literacy

Elmentve itt :
Bibliográfiai részletek
Szerző: Schnotz Wolfgang
Testületi szerző: Pedagógiai Értékelési Konferencia (6.) (2008) (Szeged)
Dokumentumtípus: Könyv része
Megjelent: 2010
Sorozat:Pedagógiai Értékelési Konferencia 8
Kulcsszavak:Értékelés - pedagógiai - előadáskivonat
Online Access:http://acta.bibl.u-szeged.hu/60678
LEADER 00676naa a2200181 i 4500
001 acta60678
005 20260224081030.0
008 190826s2010 hu o 100 eng d
040 |a SZTE Egyetemi Kiadványok Repozitórium  |b hun 
041 |a eng 
100 1 |a Schnotz Wolfgang 
245 1 0 |a Assessment of visual and verbal literacy  |h [elektronikus dokumentum] /  |c  Schnotz Wolfgang 
260 |c 2010 
300 |a 110 
490 0 |a Pedagógiai Értékelési Konferencia  |v 8 
695 |a Értékelés - pedagógiai - előadáskivonat 
710 |a Pedagógiai Értékelési Konferencia (6.) (2008) (Szeged) 
856 4 0 |u http://acta.bibl.u-szeged.hu/60678/1/pek_2010_110.pdf  |z Dokumentum-elérés